| 000 | 00456nam a2200181Ia 4500 | ||
|---|---|---|---|
| 003 | GCL | ||
| 008 | 140319s9999 xx 000 0 eng d | ||
| 040 |
_aGCL / _cGCL |
||
| 082 | 0 | 4 |
_a620.1 _bL M |
| 100 | 1 | _aLARDNER, T. J. | |
| 245 | 1 | 0 |
_aMECHANICS OF SOLIDS AN INTRODUCTION / _cLARDNER, T. J. |
| 700 | 1 | _aARCHER, R.R. | |
| 260 |
_a[S.N] : _bMC GRAW - HILL ، _c1994 |
||
| 300 | _a802 P | ||
| 650 | 0 | 4 | _aSOLIDS |
| 650 | 0 | 4 | _aMECHANICS |
| 942 |
_2ddc _cBK |
||
| 999 |
_c23722 _d23722 |
||